| 000 | 01002nam a22002417a 4500 | ||
|---|---|---|---|
| 999 |
_c12235 _d12235 |
||
| 003 | AR-CdUCM | ||
| 008 | 190408b ||||| |||| 00| 0 spa d | ||
| 040 |
_aMUNICIPALIDAD PROVINCIAL DEL CUSCO _cBIBLIOTECA MUNICIPAL DEL CUSCO |
||
| 082 |
_22ed. _aC / 869.512 / _bP13 |
||
| 100 |
_aPacheco, Bernardino _929989 |
||
| 245 |
_aOllanta : _bó sea la severidad de un padre y la clemencia de un Rey Inca / |
||
| 260 |
_aCusco : _bTip. El Comercio, _c1923. |
||
| 300 |
_a38 páginas ; _bretrato, _c21 cm. |
||
| 500 |
_aDrama Quichua en Tres Actos y en Verso, traducción en romance "ensayo". _aDedicado á la raza Indígena. |
||
| 505 | _aContenido: Teatro: Ollanta y Piquichaqui -- Pachacutec y Rumiñahui -- Ymasumac y Pitu-Salla. | ||
| 650 |
_aTeatro histórico peruano _93120 |
||
| 650 |
_aTeatro peruano (Quechua) _929990 |
||
| 650 |
_aÉpoca Colonial _9645 |
||
| 650 |
_aÉpoca Colonial _9645 |
||
| 700 |
_aValcarcel, Luis E. (preliminar) _929991 |
||
| 942 |
_2ddc _cLIBROS |
||
| 945 |
_aachl _d2019-04-08 |
||